| 000 | 00443nam a22001697a 4500 | ||
|---|---|---|---|
| 005 | 20160613094234.0 | ||
| 008 | 160613b xxu||||| |||| 00| 0 eng d | ||
| 020 | _a9788171884445 | ||
| 041 | _aeng | ||
| 082 | _b7023 | ||
| 100 |
_aSchoolland, Ken _91741 |
||
| 245 | _aThe adventures of Jonathan Gukible Aforce Market Odyssey | ||
| 260 |
_aNew Delhi _bAcademic Foundation, _c1988 |
||
| 300 | _a246 | ||
| 650 |
_aManagement _9241 |
||
| 942 | _cBK | ||
| 999 |
_c2452 _d2451 |
||